Central Library OPAC University of Rajshahi

On the evidence of accomplices / (Record no. 45962)

MARC details
000 -LEADER
fixed length control field 01293cam a22003733a 4500
001 - CONTROL NUMBER
control field 45962
003 - CONTROL NUMBER IDENTIFIER
rucl marc code BD-RJUL
005 - DATE AND TIME OF LATEST TRANSACTION
control field 20211209054105.0
008 - FIXED-LENGTH DATA ELEMENTS--GENERAL INFORMATION
fixed length control field 160730s1958 ie sb 000 0 eng d
035 ## - SYSTEM CONTROL NUMBER
System control number BD-RJUL 46080
040 ## - CATALOGING SOURCE
Original cataloging agency GMOML
Transcribing agency GMOML
Language of cataloging eng
041 ## - LANGUAGE CODE
Language code of text/sound track or separate title eng
082 ## - DEWEY DECIMAL CLASSIFICATION NUMBER
Edition number 23
Classification number 345.06
Author mark and year JOO 1958
100 1# - MAIN ENTRY--PERSONAL NAME
Personal name Joy, Henry,
Dates associated with a name 1763-1838.
9 (RLIN) 140548
245 10 - TITLE STATEMENT
Title On the evidence of accomplices /
Statement of responsibility, etc. by Henry Joy.
246 3# - VARYING FORM OF TITLE
Title proper/short title Evidence of accomplices
Title proper/short title On evidence, etc.
250 ## - EDITION STATEMENT
Edition statement 5th edi.
260 ## - PUBLICATION, DISTRIBUTION, ETC. (IMPRINT)
Place of publication, distribution, etc. Dublin :
Name of publisher, distributor, etc. Milliken and Son ;
Place of publication, distribution, etc. London :
Name of publisher, distributor, etc. Saunders and Benning,
Date of publication, distribution, etc. 1958
300 ## - PHYSICAL DESCRIPTION
Pagination V. ;
Size 22 cm.
500 ## - GENERAL NOTE
General note Half title: On evidence, etc.
General note Reproduction of original from Harvard Law School Library.
504 ## - BIBLIOGRAPHY, ETC. NOTE
Bibliography, etc Includes bibliographical references.
505 0# - FORMATTED CONTENTS NOTE
Formatted contents note Vol 2 --
650 #0 - SUBJECT ADDED ENTRY--TOPICAL TERM
Topical term or geographic name as entry element Evidence, Criminal
Geographic subdivision Ireland.
9 (RLIN) 140549
Topical term or geographic name as entry element Evidence, Criminal
Geographic subdivision Great Britain.
9 (RLIN) 139778
Topical term or geographic name as entry element Accomplices
Geographic subdivision Ireland.
9 (RLIN) 140550
Topical term or geographic name as entry element Accomplices
Geographic subdivision Great Britain.
9 (RLIN) 140551
776 1# - ADDITIONAL PHYSICAL FORM ENTRY
Qualifying information Microform
Record control number (OCoLC)27591128
Qualifying information Original
Record control number (DLC) 35031795
830 #0 - SERIES ADDED ENTRY--UNIFORM TITLE
Uniform title Making of modern law.
856 40 - ELECTRONIC LOCATION AND ACCESS
Uniform Resource Identifier <a href="http://galenet.galegroup.com/servlet/MOML?af=RN&ae=F104397339&srchtp=a&ste=14&q=OXFORD">http://galenet.galegroup.com/servlet/MOML?af=RN&ae=F104397339&srchtp=a&ste=14&q=OXFORD</a>
942 ## - ADDED ENTRY ELEMENTS (KOHA)
Source of classification or shelving scheme Dewey Decimal Classification
Koha item type Books
Holdings
Lost status Source of classification or shelving scheme Damaged status Not for loan Collection code Permanent Location Current Location Shelving location Date acquired Source of acquisition Cost, normal purchase price Total Checkouts Full call number Date last seen Copy number Koha item type
  Dewey Decimal Classification     Non-fiction Central Library, University of Rajshahi Central Library, University of Rajshahi   16/03/1963 Zeithlinger 105.95   345.06 JOO V-2 1958 30/07/2016 C-2 Books
  Dewey Decimal Classification     Non-fiction Central Library, University of Rajshahi Central Library, University of Rajshahi   16/03/1963 Zeithlinger 105.95   345.06 JOO V-1 1958 30/07/2016 C-2 Books